Structure-based Drug Discovery (Record no. 597151)

MARC details
000 -LEADER
fixed length control field 00431nam a2200157 a 4500
008 - FIXED-LENGTH DATA ELEMENTS--GENERAL INFORMATION
fixed length control field 251111s2013##################000#0#eng##
020 ## - INTERNATIONAL STANDARD BOOK NUMBER
ISBN 9788184984820
082 04 - DEWEY DECIMAL CLASSIFICATION NUMBER
Classification number 615.19
Item number JHO
100 1# - MAIN ENTRY--AUTHOR NAME
Personal name Harren Jhoti, Andrew R. Leach
245 10 - TITLE STATEMENT
Title Structure-based Drug Discovery
Statement of responsibility, etc Harren Jhoti, Andrew R. Leach
260 ## - PUBLICATION, DISTRIBUTION, ETC. (IMPRINT)
Year of publication 2013.
300 ## - PHYSICAL DESCRIPTION
Number of Pages 290 pages
650 #0 - SUBJECT ADDED ENTRY--TOPICAL TERM
Topical Term Air pilots, Military.
942 ## - ADDED ENTRY ELEMENTS (KOHA)
Koha item type English Books
Holdings
Withdrawn status Lost status Damaged status Not for loan Home library Current library Shelving location Date acquired Full call number Accession Number Price effective from Koha item type
        Anna Centenary Library Anna Centenary Library 5TH FLOOR, B WING 11.11.2025 615.19 JHO 325139 11.11.2025 English Books

Find us on the map